000 00364nam a2200133Ia 4500
008 240624s9999 xx 000 0 und d
041 _aeng
082 _a005.8 STR
100 _aSTRAUB DETMAR W
245 _aINFORMATION SECURITY POLICY PROCESSES AN
260 _c2009
_aNew Delhi
_bPrentice-Hall of India
300 _aix, : 286 : p. : cm. ; 23
365 _cRS
_b35
999 _c15008
_d15008